Ekonomické výzvy a regulace

Determinanty ovplyvňujúce udržateľné podnikanie. Cieľom štúdie je objasniť systém a ukazovatele udržateľného podnikania. Formy podnikania. Vplyv úrokových sadzieb na dlhové zdroje financovania.

Uložené v:
Podrobná bibliografia
Hlavný autor: Likhonosova, Ganna
Ďalší autori: Nováček, Peter, Paškrtová, Lucia, Polečová, Petra, Polednáková, Anna, 1957-
Médium: Kapitola
Jazyk:Slovak
English
Predmet:
Tagy: Pridať tag
Žiadne tagy, Buďte prvý, kto otaguje tento záznam!

MARC

LEADER 00000naa$a2200000$$$4500
001 0307492
005 20250306081715.9
041 0 |a slo 
041 0 |a eng 
044 |a SK 
245 1 0 |a Ekonomické výzvy a regulace  |c Ganna Likhonosova, Peter Nováček, Lucia Paškrtová, Petra Polečová, Anna Polednáková 
520 |a Determinanty ovplyvňujúce udržateľné podnikanie. Cieľom štúdie je objasniť systém a ukazovatele udržateľného podnikania. Formy podnikania. Vplyv úrokových sadzieb na dlhové zdroje financovania. 
610 2 0 |a podnikanie 
610 2 0 |a udržateľnosť 
610 2 0 |a konkurencia 
610 2 0 |a trh relevantný 
610 2 0 |a sadzby úrokové 
610 2 0 |a financovanie 
100 1 |a Likhonosova, Ganna 
700 1 |a Nováček, Peter 
700 1 |a Paškrtová, Lucia 
700 1 |a Polečová, Petra 
700 1 |a Polednáková, Anna, 1957-